000 01101nam a22002774aa4500
003 BOFEUTO
005 20260513111850.0
008 260504t2025 bo gr 000 f spa d
040 _6BOFEUTO
_aBOFEUTO
_cBOFEUTO
041 _aspa
044 _abo
082 _aTE6319
_bV287d
100 _aVargas Gonzales, Geraldine Mery
_eautor
245 _aDiseño e implementación de estrategias de comunicación de marketing en la Empresa Importadora Baby Store S.R.L. de la ciudad de Oruro. /
_cGeraldine Mery Vargas Gonzales, Gutiérrez Ledezma Claudia
260 _aOruro :
_bs/n,
_c2025.
300 _a145 hojas ;
_btab, gráf. ;
_c28.5 cm.
500 _aIncluye bibliografía, anexos.
502 _aTrabajo Dirigido, (Licenciatura) -- Universidad Técnica de Oruro, Facultad de Ciencias Económicas, Financieras y Administrativas, Carrera Administración de Empresas, 2025.
650 _aImplementación Estratégica
653 _aHerramienta
653 _aEmpresas
653 _aMarketing
653 _aImplementación
700 _aGutiérrez Ledezma, Claudia
_etutor
942 _2ddc
_cTE
_n0
999 _c16174
_d16174